000 00830nam a2200277 i 4500
001 C2-0311432
003 PPAK
005 20180728103134.0
008 110720s2011 my a|||| ||||| | may d
020 _a9789833390755
040 _aPPAK
_beng
_cPPAK
_erda
082 0 4 _a499.2386
_223
090 0 0 _a499.2386
_bMOH
_dK
100 0 _aMohd. Husni Zakaria,
_eauthor
245 1 0 _aPertempuran dengan makhluk asing
264 1 _aPetaling Jaya, Selangor :
_bEdu Quest Publisher ,
_c2011
300 _a86 pages :
_billustrations ;
_c21 cm
336 _2rdacontent
_atext
337 _2rdamedia
_aunmediated
338 _2rdacarrier
_avolume
490 1 _aCerpen kembara remaja
500 _aIncludes questions ; Includes glossary
650 1 0 _aBahasa Malaysia - Readers.
830 0 _aCerpen kembara remaja
942 _ddc
_cB
999 _c113680
_d113680